History Quiz

Random History or Nintendo Quiz

Some planes used by 'Axis Powers' Quiz Stats

 Plays Quiz not verified by Sporcle

Challenge
Share
Tweet
Embed
Score 0/7 Timer 05:00
0 Plays Today
% Correct
Messerschmitt Me262
66.7%
Focke Wulf Fw190
66.7%
Messerschmitt Bf109
66.7%
Mitsubishi Zero
66.7%
Junkers Ju-87 Stuka
33.3%
Junkers Ju-88
33.3%
Horton Ho229
0%

You're not logged in!

Compare scores with friends on all Sporcle quizzes.
OR
Log In

You Might Also Like...

Show Comments

Extras

Top Quizzes Today


Score Distribution

Your Account Isn't Verified!

In order to create a playlist on Sporcle, you need to verify the email address you used during registration. Go to your Sporcle Settings to finish the process.

Report this User

Report this user for behavior that violates our Community Guidelines.

Details: